Statistics for Largest Cities In Michigan

Click here to take the quiz!

General Stats

  • This quiz has been taken 51 times
  • The average score is 7 of 10

Answer Stats

PopAnswer% Correct
673104Detroit
100%
198829Grand Rapids
91%
116986Lansing
87%
96448Flint
83%
121477Ann Arbor
77%
94941Dearborn
66%
132631Sterling Heights
60%
135022Warren
60%
94105Livonia
45%
100712Clinton
19%

Score Distribution

Percentile by Number Answered

Percent of People with Each Score

Your Score History

You have not taken this quiz